Khí tượng synôp phần nhiệt đới

TM tài liệu tham khảo tr.166-167; Cung cấp một số kiến thức về hoàn lưu nhiệt đới; hoàn lưu gió mùa ở khu vực Đông Nam Á; nhiễu động miền nhiệt đới; áp thấp nhiệt đới và bão; mây tích và các hệ thống thời tiết quy mô vừa....

Descrición completa

Gardado en:
Detalles Bibliográficos
Autor Principal: Trần, Công Minh
Formato: Libro
Idioma:Undetermined
Publicado: H. Đại học quốc gia Hà Nội 2009
Những chủ đề:
Acceso en liña:http://lrc.tdmu.edu.vn/opac/search/detail.asp?aID=2&ID=3413
Các nhãn: Engadir etiqueta
Sen Etiquetas, Sexa o primeiro en etiquetar este rexistro!
Thư viện lưu trữ: Trung tâm Học liệu Trường Đại học Thủ Dầu Một
LEADER 01006nam a2200217Ia 4500
001 TDMU_3413
008 210410s9999 xx 000 0 und d
082 |a 551.5 
090 |b TR121 
100 |a Trần, Công Minh 
245 0 |a Khí tượng synôp 
245 0 |b phần nhiệt đới 
245 0 |c Trần Công Minh 
260 |a H. 
260 |b Đại học quốc gia Hà Nội 
260 |c 2009 
300 |a 167tr. 
520 |a TM tài liệu tham khảo tr.166-167; Cung cấp một số kiến thức về hoàn lưu nhiệt đới; hoàn lưu gió mùa ở khu vực Đông Nam Á; nhiễu động miền nhiệt đới; áp thấp nhiệt đới và bão; mây tích và các hệ thống thời tiết quy mô vừa. 
650 |a Khí tượng học 
856 |u http://lrc.tdmu.edu.vn/opac/search/detail.asp?aID=2&ID=3413 
980 |a Trung tâm Học liệu Trường Đại học Thủ Dầu Một